| 000 | 01123nam a2200313 a 4500 | ||
|---|---|---|---|
| 001 | 67381 | ||
| 003 | BD-RjUL | ||
| 005 | 20211209081638.0 | ||
| 008 | 170325s1996 ii b 001 0 eng | ||
| 020 | _a8173041539 | ||
| 035 | _a(BD-RjUL)67512 | ||
| 040 |
_aDLC _cDLC _dDLC _dBD-RjUL _beng |
||
| 041 | _aeng | ||
| 082 | 0 | 0 |
_223 _a327.17470954 _bNUC 1996 |
| 245 | 0 | 0 |
_aNuclear non-proliferation in India and Pakistan : _bSouth Asian perspectives / _cedited by P.R. Chari, Pervaiz Iqbal Cheema and Iftekharuzzaman. |
| 260 |
_aNew Delhi : _bManohar, _cc1996. |
||
| 300 |
_a236 p. ; _c23 cm. |
||
| 500 | _a"Regional Centre for Strategic Studies, Colombo." | ||
| 504 | _aIncludes bibliographical references (p. [211]-224) and index. | ||
| 520 | _aCollection of essays. | ||
| 650 | 0 |
_aNuclear weapons _zIndia. _9136193 |
|
| 650 | 0 |
_aNuclear weapons _zPakistan. _9199634 |
|
| 650 | 0 |
_aNuclear arms control _zSouth Asia. _9199635 |
|
| 650 | 0 |
_aNuclear nonproliferation. _9199636 |
|
| 700 | 1 |
_aChari, P. R. _9199637 |
|
| 700 | 1 |
_aCheema, Pervaiz Iqbal, _d1940- _9199638 |
|
| 700 | 0 |
_aIftekharuzzaman. _9199639 |
|
| 942 |
_2ddc _cBK |
||
| 999 |
_c67381 _d67381 |
||